Životní mezník /

Main Author: Walter, Eri
Other Authors: Dolanská, Marie
Language: Czech
Published: Praha : I. Železný, 1995
Edition: Vyd. 1.
Series: Knihovnička Večerů pod lampou
Doktor v domě
Physical Description: 60 cm ; 18 cm
Book
Saved in:
LEADER 01235nam a2200361 a 4500
001 000020471
003 CZ BrMZK
005 20220217184920.0
007 ta
008 950313s1995 xr g j cze d
015 |a cnb000104160 
020 |a 80-237-2020-1 
040 |a BOA001  |b cze 
041 1 |a cze  |h ger 
072 7 |a 821.112.2-3  |x Německá próza, německy psaná  |2 Konspekt  |9 25 
080 |a 821.112.2-32  |2 MRF 
080 |a (0:82-322.5)  |2 MRF 
100 1 |a Walter, Eri  |4 aut 
245 1 0 |a Životní mezník /  |c Eri Walter ; z německého originálu přeložila Marie Dolanská 
250 |a Vyd. 1. 
260 |a Praha :  |b I. Železný,  |c 1995 
300 |a 60 cm ;  |c 18 cm 
490 1 |a Knihovnička Večerů pod lampou ;  |v 1575 
490 1 |a Doktor v domě ;  |v 127 (20/95) 
655 7 |a německé povídky  |7 fd132942  |2 czenas 
655 7 |a milostné povídky  |7 fd132834  |2 czenas 
700 1 |a Dolanská, Marie  |7 jx20041007007  |4 trl 
765 0 |t Dr. Holten am Wendepunkt seines Lebens  |9 Česky 
830 0 |a Knihovnička Večerů pod lampou  |0 s 
830 0 |a Doktor v domě 
910 |a BOA001  |b 1-1008.526 
990 |a BK 
996 6 |b 2610020585  |c 1-1008.526  |l MZK  |r Sklad / do 1 hodiny  |n 1  |p p.v.  |w 000020471  |u 000010  |a 1  |e BOA001  |j MZK50  |s P